000 00729cac a22002055a 4500
001 L142864
008 080317i19161963xxk eng u
035 _a(Sirsi) u142864
041 _aeng
110 1 _aChartered Auctioneers' and Estate Agents' Institute
245 0 1 _a[Collection of correspondence relating to donations to the Chartered Auctioneers' and Estate Agents' Institute]
_h[manuscript]
260 _c1916-1963
300 _a6 sheets
_c25 x 20 cm., or smaller
340 _aTypewritten
351 _cFonds
500 _aCorrespondence relates to the donation of a lease dated 1692 and an auction poster dated 1851.
651 4 _aUnited Kingdom
_y
690 _aABOUT RICS-RELATED ORGANISATIONS
942 _n0
999 _c116789
_d116789